| 000 | 00679na a2200217 4500 | ||
|---|---|---|---|
| 001 | 22395 | ||
| 003 | MIRAKIL | ||
| 005 | 20181213155152.0 | ||
| 008 | 170213b tu 000 0 | ||
| 035 | _a15992 | ||
| 040 |
_aMilas _btur _cTR-AnCHP |
||
| 090 | _aSHP 23 | ||
| 245 |
_aTürkiye'nin kalbi Ankara'da _bSHP'nin nabzı Ankara alabaş sokak 5 numarada yatıyor _cSosyaldemokrat Halkçı Parti |
||
| 260 |
_a[Ankara] _b[SHP] _c[t.y.] _fDoğruluk matbaası |
||
| 300 |
_a15 s. _bres.; hrt. _c18 sm. |
||
| 610 |
_aSHP _xPropaganda ve ideolojiler |
||
| 610 |
_aSHP _xMerkez binası _xTanıtım |
||
| 651 |
_aTürkiye _xSiyaset ve yönetim |
||
| 942 |
_2dcc _cBKS |
||
| 999 |
_c7879 _d7879 |
||